El librero de Kabul /

Si hay una profesion que siempre supone un peligro para el que la ejerce en Afganistan es la de librero. Gobierne quien gobierne, siempre hay libros prohibidos, perseguidos, y en el peor de los casos, quemados. Sultan Khan, el librero de Kabul de esta historia, tuvo que librar tanto al regimen comun...

Full description

Bibliographic Details
Main Author: Seierstad, Asne
Format: Libro
Language:Spanish
Published: México Oceano 2004
Edition:1a.ed.
Subjects:
Online Access:

MARC

LEADER 00000cam a2200000 a 4500
001 021266
003 UAHC_CL
005 20170803121955.0
008 050405b2004 mx 000 spa
020 |a 9706519246 
040 |a UAHC_CL  |c UAHC_CL  |d UAHC_CL 
100 1 |a Seierstad, Asne 
245 1 3 |a El librero de Kabul /  |c Asne Seierstad. 
250 |a 1a.ed. 
260 |b Oceano  |a México  |c 2004 
300 |a 285 p. 
520 |a Si hay una profesion que siempre supone un peligro para el que la ejerce en Afganistan es la de librero. Gobierne quien gobierne, siempre hay libros prohibidos, perseguidos, y en el peor de los casos, quemados. Sultan Khan, el librero de Kabul de esta historia, tuvo que librar tanto al regimen comunista como al taliban.\La periodista Asne Seierstad paso varios meses conviviendo con la familia Khan en Kabul, despues de la caida del regimen taliban y durante la ocupacion estadounidense. El testimonio apasionante de esas experiencias dieron pie a construir unas memorias llenas de fabulas en las que se mezclan con astuta habilidad el fondo politico, los acontecimientos en Afganistan y la vida personal del librero, pretexto para ofrecer un retrato mas profundo de los afganos, sus esperanzas, sus odios, el grave problema de las mujeres, situaciones a las que a pesar de su cultura y habilidad no es ajeno el propio Sultan Khan. El relato de Asne Seierstad nos recuerda aquellos entrañables libros de viajes y costumbres que moldearon nuestra imaginacion. 
521 |a Periodismo y literatura 
521 |a Lectura de maestros del periodismo 
650 4 |a LIBREROS 
651 4 |a KABUL (AFGANISTAN)  |x BIOGRAFIAS 
653 |a PERIODISMO 
658 |a Poblete Alday, Patricia 
900 |a 839.823 SEI 
942 |c BK 
952 |0 0  |1 0  |4 0  |6 839_823000000000000_SEI  |7 0  |8 General  |9 42303  |a BC  |b BC  |c General  |d 2017-08-03  |l 2  |m 2  |o 839.823 SEI  |p 1347853  |r 2025-11-26 00:00:00  |s 2023-06-19  |t 1  |w 2017-08-03  |y BK 
952 |0 0  |1 0  |4 0  |6 839_823000000000000_SEI  |7 0  |8 General  |9 42304  |a BC  |b BC  |c General  |d 2017-08-03  |l 0  |o 839.823 SEI  |p 1347935  |r 2025-11-26 00:00:00  |t 2  |w 2017-08-03  |y BK 
999 |c 21266  |d 21266